MARC details
| 000 -LEADER |
| campo de control de longitud fija |
00959nam a22002897a 4500 |
| 001 - NÚMERO DE CONTROL |
| campo de control |
003525 |
| 003 - IDENTIFICADOR DE NÚMERO DE CONTROL |
| campo de control |
CoMeUDC003525 |
| 005 - FECHA Y HORA DE LA ÚLTIMA TRANSACCIÓN |
| campo de control |
20190114180103.0 |
| 008 - DATOS DE LONGITUD FIJA--INFORMACIÓN GENERAL |
| campo de control de longitud fija |
810831s1979 ck b 001 0 spa |
| 010 ## - NÚMERO DE CONTROL DE LA BIBLIOTECA DEL CONGRESO |
| Número de control de LC |
80110478 |
| 020 ## - NÚMERO INTERNACIONAL ESTÁNDAR DEL LIBRO |
| Número Internacional Estándar del Libro |
8482721011 (pbk.) |
| 040 ## - FUENTE DE CATALOGACIÓN |
| Centro catalogador/agencia de origen |
DLC |
| Centro/agencia transcriptor |
CoMeUDC |
| Centro/agencia modificador |
DLC |
| 043 ## - CÓDIGO DE ÁREA GEOGRÁFICA |
| Código de área geográfica |
s-ck--- |
| 050 00 - SIGNATURA TOPOGRÁFICA DE LA BIBLIOTECA DEL CONGRESO |
| Número de clasificación |
KHH1166.S42 |
| Número de ítem |
E87 1979 |
| 082 00 - NÚMERO DE LA CLASIFICACIÓN DECIMAL DEWEY |
| Número de clasificación |
346.082 |
| Información de edición |
19 |
| Número de ítem |
E77 |
| 100 1# - ENTRADA PRINCIPAL--NOMBRE DE PERSONA |
| Nombre de persona |
Espriella Ossío, Alfonso de la. |
| 245 13 - MENCIÓN DEL TÍTULO |
| Título |
El secreto bancario / |
| Mención de responsabilidad, etc. |
Alfonso de la Espriella Ossío ; [prólogo de Alfonso López Michelsen]. |
| 260 ## - PUBLICACIÓN, DISTRIBUCIÓN, ETC. |
| Lugar de publicación, distribución, etc. |
Bogotá, Colombia : |
| Nombre del editor, distribuidor, etc. |
Editorial Temis Librería, |
| Fecha de publicación, distribución, etc. |
1979. |
| 300 ## - DESCRIPCIÓN FÍSICA |
| Extensión |
xvi, 160 p. ; |
| Dimensiones |
24 cm. |
| 500 ## - NOTA GENERAL |
| Nota general |
Includes indexes. |
| 504 ## - NOTA DE BIBLIOGRAFÍA, ETC. |
| Nota de bibliografía, etc. Nota |
Bibliography: p. [149]-150. |
| 650 #0 - PUNTO DE ACCESO ADICIONAL DE MATERIA--TÉRMINO DE MATERIA |
| Término de materia o nombre geográfico como elemento de entrada |
Secreto bancario. |
| Subdivisión general |
Comunicaciones confidenciales. |
| Subdivisión geográfica |
Colombia. |
| 9 (RLIN) |
1037 |
| 650 #0 - PUNTO DE ACCESO ADICIONAL DE MATERIA--TÉRMINO DE MATERIA |
| Término de materia o nombre geográfico como elemento de entrada |
Confidential communications |
| Subdivisión general |
Bancos. |
| 906 ## - ELEMENTOS DE DATOS F LOCAL, LDF (RLIN) |
| a |
7 |
| b |
cbc |
| c |
orignew |
| d |
4 |
| e |
ncip |
| f |
19 |
| g |
y-gencatlg |
| 942 ## - ELEMENTOS DE ENTRADA SECUNDARIOS (KOHA) |
| Fuente del sistema de clasificación o colocación |
Clasificación Decimal Dewey |
| Tipo de ítem Koha |
Libros |